INFLUENCE OF DIFFERENT SIZE OF COORDINATED PSEUDOHALOGENIDE ANIONS ON DEFORMATION OF CU(II) TRIGONAL-BIPYRAMIDAL COORDINATION POLYHEDRA

Bibliographic Details
Main Authors: Potočňák, I. (Author), Mikloš, D. (Author), Dunaj, M.-Jurčo (Author)
Format: Article
Language:English
ISBN:8022709484

MARC

LEADER 00000naa a2200000uu 4500
001 vtls011088504
003 SK-MaSNL
005 20260302105758.0
008 210905|1997 xo |||||||||||||||||eng|
015 |a SNBRA 
035 |a (urnnbn)urn:nbn:sk:snk:ar-a0cofe 
035 |a (uuid)5f754d2e-7317-4f9c-ad37-77335b220b5a 
035 |a urn:nbn:sk:snk-aavu8o 
040 |a SNKBUCL  |b slo  |c SNKBUCL  |e AACR2 
041 0 |a eng 
044 |a xo  |c SK 
100 1 |a Potočňák, I.  |4 aut  |9 777059 
245 1 0 |a INFLUENCE OF DIFFERENT SIZE OF COORDINATED PSEUDOHALOGENIDE ANIONS ON DEFORMATION OF CU(II) TRIGONAL-BIPYRAMIDAL COORDINATION POLYHEDRA  |c I. Potočňák, D. Mikloš, M. Dunaj-Jurčo 
700 1 |a Mikloš, D.  |4 aut  |9 584946 
700 1 |a Dunaj, M.-Jurčo  |4 aut  |9 784948 
773 0 |t Progress in coordination and organometallic chemistry  |d Bratislava : Slovak Technical University Press, 1997  |g S. 117-122  |z 8022709484 
958 |a OND 
958 |a article12 
958 |a chapter 
999 |c 1240149  |d 1242079